| 000 | 01144nam a2200121Ia 4500 | ||
|---|---|---|---|
| 008 | 220620s9999||||xx |||||||||||||| ||und|| | ||
| 100 | _aMoreno, Antonio||Iglesias, Carlos A. | ||
| 245 | 0 | _aSentiment Analysis for Social Media | |
| 546 | _aEnglish[eng] | ||
| 650 | _aopinion mining||affect computing||health insurance||Twitter||hybrid vectorization||violence against women||word association||collaborative schemes of sentiment analysis and sentiment systems||random forest||cyber-aggression||deep learning||online review||emotion analysis||lexicon construction||provider networks||text mining||sentiment lexicon||social media||sentiment-aware word embedding||psychographic segmentation||medical web forum||gender classification||racism||sentiment analysis||sentiment classification||sentiment word analysis||social networks||convolutional neural network||review data mining||machine learning||emotion classification||big data-driven marketing||text feature representation||recommender system||user preference prediction||violence based on sexual orientation||semantic networks | ||
| 856 | _uhttps://mdpi.com/books/pdfview/book/2154 | ||
| 942 | _cEB | ||
| 999 |
_c28088 _d28088 |
||